Keywords in C++ - Statistics

General Stats
  • This quiz has been taken 877 times
  • The average score is 32 of 65
Answer Stats
Answer % Correct
int
95%
do
92%
while
90%
for
88%
char
85%
if
85%
double
84%
else
81%
float
81%
long
77%
return
77%
class
76%
bool
75%
void
73%
break
70%
private
68%
public
68%
switch
68%
const
66%
struct
64%
case
63%
protected
63%
try
63%
continue
62%
static
62%
short
60%
catch
59%
goto
56%
unsigned
54%
enum
49%
namespace
49%
new
49%
delete
48%
throw
48%
using
48%
virtual
46%
auto
44%
default
43%
typedef
43%
volatile
43%
template
41%
false
40%
true
40%
friend
37%
signed
36%
extern
32%
operator
31%
this
30%
nullptr
29%
union
28%
sizeof
27%
inline
26%
static_cast
26%
typename
25%
dynamic_cast
22%
register
19%
const_cast
18%
reinterpret_cast
17%
mutable
16%
export
14%
wchar_t
14%
decltype
13%
explicit
13%
static_assert
13%
typeid
12%
No matching quizzes found
Score Distribution
Percent of People with Each Score
Percentile by Number Answered
Your Score History
You have not taken this quiz